Trau dồi kỹ năng làm luận tiếng Anh Luyện thi chứng chỉ B, C; Cử nhân anh văn

Сохранить в:
Библиографические подробности
Главный автор: Nguyễn Thị Tuyết
Формат:
Язык:Vietnamese
Опубликовано: Đồng Nai Nxb. Đồng Nai 1998
Предметы:
Метки: Добавить метку
Нет меток, Требуется 1-ая метка записи!
Thư viện lưu trữ: Mạng thư viện Đại học Đà Nẵng
LEADER 01055nam a2200301 4500
001 000015769
003 12152
005 20120604160618.0
008 120604s1998 viesd
041 0 |a vie 
082 |a 428  |b NG-T 
100 0 |a Nguyễn Thị Tuyết 
245 0 |a Trau dồi kỹ năng làm luận tiếng Anh  |b Luyện thi chứng chỉ B, C; Cử nhân anh văn  |c Biên soạn và chú giải: Nguyễn Thị Tuyết, Phương Ân 
260 |a Đồng Nai  |b Nxb. Đồng Nai  |c 1998 
300 |a 611tr.  |c 20 cm 
653 |a bài luận 
653 |a tiếng Anh 
653 |a kỹ năng 
OWN |a LSP 
AVA |a UDN50  |b LSP  |d 428 NG-T  |e available  |t Error 5001 Not defined in file expand_doc_bib_avail.  |f 2  |g 0  |h N  |i 0  |k 1 
999 |a From the UDN01 
AVA |a UDN50  |b LSP  |d 428 NG-T  |e available  |t Error 5001 Not defined in file expand_doc_bib_avail.  |f 2  |g 0  |h N  |i 0  |k 1 
TYP |a Monograph 
TYP |a Printed language 
980 |a Mạng thư viện Đại học Đà Nẵng